000 nam a22 a 4500
999 _c487941
_d487941
003 BLK
005 20221220090400.0
008 180413b bul|||||r ||||||| ||bul||
020 _a9789545155789
040 _aBLK
041 _aBUL
_cBUL
080 _aБългарска литература
_b821.163.2
_z821.163.2-8(081)
_x-8(081)
100 1 _aРалин, Радой
_eпърви автор
_gСтоянов, Димитър Стефанов
_9364208
139 _aРалин, Радой
_bР 32
245 1 0 _aСъбрано
_bЮбил. изд.
_cРадой Ралин.
257 _aBGR
260 _bMillenium
_c2022
_9216781
_aСофия
_n978-954-515-
_f([София] : Инвестпрес)
300 _a448 с.
_bс ил.
_c21 см
380 _aX
500 _aРадой Ралин - псевд. на авт. Димитър Стефанов Стоянов. - Биогр. данни за авт. отбелязани на гърба на кор.
852 _aЦб
_bЦб
856 _i0.00
_ldisable
942 _cKNG
_n0
_s1
944 _aCR
_c2022-12-19
_kРенета Константинова
999 _d487941